000
00248nam a2200097Ia 4500
005
20251222114353.0
008
251222s1900||||xx |||||||||||||| ||spa||
082
_a
DVD0090/J73C/2002
245
0
_a
Genios de la pintura italiana: Caravaggio:
942
_c
DVD
999
_c
1341
_d
1341